00360nam a2200109Ia 45000010005000000080041000050200022000460820020000681000011000882450127000992600024002261086241024s9999 xx 000 0 und d a978-987-1439-74-4 aRD370/U54m/2010 aUNESCO 0aMetas Educativas 2021: Desafíos y oportunidades. Informe sobre tendencias sociales y educativas en América Latina 2010 bSanto Domingoc2010